000 00536nam a22001937a 4500
003 OSt
005 20160810183929.0
008 160810b xxu||||| |||| 00| 0 eng d
020 _a0415283213
040 _cDNLM.
082 _aWB100E31i 2004.
100 _aEdited by Sonbo, Ivar;Mooney,Gavin;
_910592
245 _aEvidence -Based Medicine.
_bits place
260 _aLondon.
_bRoutledge.
_c2004.
300 _axiii,164p;
_bill;
_c24cm.
504 _areferences and index are included.
650 _amedicine.
_9324
942 _2z
_cO_SHELF
999 _c4946
_d4946